Central Library OPAC University of Rajshahi

The rector of Justin / (Record no. 16903)

MARC details
000 -LEADER
fixed length control field 00819pam a2200277 i 4500
001 - CONTROL NUMBER
control field 16903
003 - CONTROL NUMBER IDENTIFIER
rucl marc code BD-RjUL
005 - DATE AND TIME OF LATEST TRANSACTION
control field 20211209000050.0
008 - FIXED-LENGTH DATA ELEMENTS--GENERAL INFORMATION
fixed length control field 140215s1964 mau 000 1 eng d
035 ## - SYSTEM CONTROL NUMBER
System control number (BD-RjUL)16959
040 ## - CATALOGING SOURCE
Original cataloging agency DLC
Transcribing agency DLC
Modifying agency DLC
-- BD-RjUL
Language of cataloging eng
041 ## - LANGUAGE CODE
Language code of text/sound track or separate title eng
082 00 - DEWEY DECIMAL CLASSIFICATION NUMBER
Classification number 813.54
Author mark and year AUR 1964
100 1# - MAIN ENTRY--PERSONAL NAME
Personal name Auchincloss, Louis.
9 (RLIN) 51757
245 14 - TITLE STATEMENT
Title The rector of Justin /
Statement of responsibility, etc. Louis Auchincloss.
260 ## - PUBLICATION, DISTRIBUTION, ETC. (IMPRINT)
Place of publication, distribution, etc. Boston :
Name of publisher, distributor, etc. Houghton Mifflin,
Date of publication, distribution, etc. c1964.
300 ## - PHYSICAL DESCRIPTION
Pagination 341 p. :
Size 22 cm.
650 #0 - SUBJECT ADDED ENTRY--TOPICAL TERM
Topical term or geographic name as entry element Preparatory schools
9 (RLIN) 52169
Topical term or geographic name as entry element School principals
General subdivision Fiction.
9 (RLIN) 52170
Topical term or geographic name as entry element Boys
Form subdivision Fiction.
9 (RLIN) 42544
651 #0 - SUBJECT ADDED ENTRY--GEOGRAPHIC NAME
Geographic name New England
Form subdivision Fiction.
9 (RLIN) 52171
942 ## - ADDED ENTRY ELEMENTS (KOHA)
Source of classification or shelving scheme Dewey Decimal Classification
Koha item type Books
Holdings
Lost status Source of classification or shelving scheme Damaged status Not for loan Collection code Permanent Location Current Location Shelving location Date acquired Source of acquisition Total Checkouts Full call number Date last seen Copy number Koha item type
  Dewey Decimal Classification   Not For Loan Non-fiction Central Library, University of Rajshahi Central Library, University of Rajshahi Reading Room 17/11/1964 U.S.I.S.   813.54 AUR 1964 15/02/2014 C-1 Books